| 000 | 00628nam a2200229 a 4500 | ||
|---|---|---|---|
| 999 |
_c10465 _d10465 |
||
| 001 | 10465 | ||
| 003 | BD-JhCC | ||
| 005 | 20180428182729.0 | ||
| 008 | 180428s1968 usa |||| |||| 000 0 eng d | ||
| 035 | _a(BD-JhCC)10465 | ||
| 040 |
_aBD-JhCC _dBD-JhCC |
||
| 041 | _aeng | ||
| 082 |
_a821.309 _bPRI 1968 |
||
| 100 | _a Priest, Harold Martin; | ||
| 245 |
_aThe faerie queene : _b notes ... / _c Harold Martin Priest |
||
| 260 |
_aUSA : _bCliffs Notes, Inc. _c1968 |
||
| 300 |
_a137 p. : _c19 cm. |
||
| 504 | _aIncludes bibliography | ||
| 650 | _aFaerie queene (Spenser, Edmund) | ||
| 650 | _aStudy guides | ||
| 942 |
_2ddc _cBK |
||